000 00480nam a2200181Ia 4500
005 20250508152809.0
008 008 250505s9999 xx 000 0 eng d
037 _aTextual
040 _aFEDL
_beng
_cFEDL
041 _aeng
_2eng
084 _a534, REU
_qFEDL
100 _aReuben Gabriel H
_9762407
245 0 _aWhat is sound
260 _aLondon, UK
_bCollins Sons and Co Ltd
_c1961
300 _a47p
942 _cTEXL
_h534, REU
999 _c1338817
_d1338817